Malignant blood diseases (Record no. 3433)
[ view plain ]
| 000 -LEADER | |
|---|---|
| fixed length control field | 00783nac a22002291u 4500 |
| 010 ## - LIBRARY OF CONGRESS CONTROL NUMBER | |
| LC control number | 73157932 |
| 020 ## - INTERNATIONAL STANDARD BOOK NUMBER | |
| International Standard Book Number | 070200412X |
| 082 00 - DEWEY DECIMAL CLASSIFICATION NUMBER | |
| Classification number | 616.155 |
| Item number | Se89 |
| 090 ## - LOCALLY ASSIGNED LC-TYPE CALL NUMBER (OCLC); LOCAL CALL NUMBER (OCLC) | |
| -- | 3433 |
| -- | 3433 |
| 100 ## - MAIN ENTRY--PERSONAL NAME | |
| Personal name | Sewell, R. L. |
| 245 10 - TITLE STATEMENT | |
| Title | Malignant blood diseases |
| Statement of responsibility, etc | [by] R. L. Sewell. |
| 260 ## - PUBLICATION, DISTRIBUTION, ETC. (IMPRINT) | |
| Place of publication, distribution, etc | Baltimore, |
| Name of publisher, distributor, etc | Williams & Wilkins |
| Date of publication, distribution, etc | [c1972] |
| 300 ## - PHYSICAL DESCRIPTION | |
| Extent | ix, 142 p. |
| Other physical details | illus. |
| Dimensions | 22 cm. |
| 440 #0 - | |
| -- | Laboratory monographs |
| 500 ## - GENERAL NOTE | |
| General note | Donations. |
| 500 ## - GENERAL NOTE | |
| General note | Donations - Bibliotheca Alexandrina. |
| 504 ## - BIBLIOGRAPHY, ETC. NOTE | |
| Bibliography, etc | Includes bibliographical references ,And Index. |
| 650 #0 - SUBJECT ADDED ENTRY--TOPICAL TERM | |
| Topical term or geographic name as entry element | Blood |
| General subdivision | Diseases. |
| 650 #0 - SUBJECT ADDED ENTRY--TOPICAL TERM | |
| Topical term or geographic name as entry element | Leukemia. |
| 942 ## - ADDED ENTRY ELEMENTS (KOHA) | |
| Item type | Book - Borrowing |
| Call number prefix | 616.155Se89 |
| Withdrawn status | Item status | Source of classification or shelving scheme | Damaged status | Not for loan | Home library | Current library | Shelving location | Date acquired | Source of acquisition | Total Checkouts | Full call number | Barcode | Date last seen | Date last borrowed | Koha item type |
|---|---|---|---|---|---|---|---|---|---|---|---|---|---|---|---|
| Dewey Decimal Classification | Central Library | Central Library | First floor | 07/04/2011 | Purchase | 1 | 616.155 SEW | 000030302 | 15/07/2025 | 17/11/2015 | Book - Borrowing |